Numerical computation of compressible and viscous flow / (Record no. 598500)

000 -LEADER
fixed length control field 00310nam a2200109Ia 4500
008 - FIXED-LENGTH DATA ELEMENTS--GENERAL INFORMATION
fixed length control field 230907s9999||||xx |||||||||||||| ||und||
082 ## - DEWEY DECIMAL CLASSIFICATION NUMBER
Classification number 532.053301
Author Mark MAC
100 ## - MAIN ENTRY--PERSONAL NAME
Personal name MacCormack, R. W.
9 (RLIN) 115474
245 #0 - TITLE STATEMENT
Title Numerical computation of compressible and viscous flow /
300 ## - PHYSICAL DESCRIPTION
Extent xxii, 521 pages ;
942 ## - ADDED ENTRY ELEMENTS (KOHA)
Koha item type Book
Holdings
Withdrawn status Lost status Damaged status Not for loan Permanent Location Current Location Date acquired Total Checkouts Full call number Barcode Date last seen Price effective from Koha item type
        US-Pakistan Center for Advanced Studies in Energy (USPCAS-E) US-Pakistan Center for Advanced Studies in Energy (USPCAS-E) 07/19/2019   532.053301 MAC CAS-E0002599 09/12/2023 09/12/2023 Book
© 2023 Central Library, National University of Sciences and Technology. All Rights Reserved.